Mañana es hoy, hoy es ayer / (Registro nro. 8848)

Detalles MARC
000 -LEADER
fixed length control field 00801nam a22002657a 4500
001 - CONTROL NUMBER
control field 81964
003 - CONTROL NUMBER IDENTIFIER
control field DO-SdBNP
005 - DATE AND TIME OF LATEST TRANSACTION
control field 20180131110927.0
007 - PHYSICAL DESCRIPTION FIXED FIELD--GENERAL INFORMATION
fixed length control field 81964
008 - FIXED-LENGTH DATA ELEMENTS--GENERAL INFORMATION
fixed length control field 900918s1988 sp spa
016 7# - NATIONAL BIBLIOGRAPHIC AGENCY CONTROL NUMBER
Source BPMSU
020 ## - INTERNATIONAL STANDARD BOOK NUMBER
International Standard Book Number 8434586568
040 ## - CATALOGING SOURCE
Original cataloging agency BPMSU
Language of cataloging spa
Transcribing agency BPMSU
100 1# - MAIN ENTRY--PERSONAL NAME
Personal name Kennemore, Tim
245 10 - TITLE STATEMENT
Title Mañana es hoy, hoy es ayer /
Statement of responsibility, etc. Tim Kennemore ; traducción de Gloria Pujol.
260 1# - PUBLICATION, DISTRIBUTION, ETC. (IMPRINT)
Place of publication, distribution, etc. Barcelona :
Name of publisher, distributor, etc. Salvat,
Date of publication, distribution, etc. 1988
300 ## - PHYSICAL DESCRIPTION
Extent 113 p. ;
Other physical details il. :
Dimensions 22 cm.
490 1# - SERIES STATEMENT
Series statement Biblioteca juvenil (Salvat Editores)
Volume/sequential designation 76
500 ## - GENERAL NOTE
General note Traducción de: Here tomorrow, gone today
700 1# - ADDED ENTRY--PERSONAL NAME
Personal name Pujol, Gloria
830 #0 - SERIES ADDED ENTRY--UNIFORM TITLE
Uniform title Biblioteca juvenil (Salvat Editores)
Volume number/sequential designation 76
942 ## - ADDED ENTRY ELEMENTS (KOHA)
Source of classification or shelving scheme Dewey Decimal Classification
Koha item type Libros
945 ## - LOCAL PROCESSING INFORMATION (OCLC)
a Inventariado, 2018 /LP
956 ## - LOCAL ELECTRONIC LOCATION AND ACCESS (OCLC)
Host name VMATEO
Access method 10
Materials specified 20151120
Linkage BPMSU
Field link and sequence number 00151
Existencias
Withdrawn status Lost status Source of classification or shelving scheme Damaged status Not for loan Collection code Home library Current library Date acquired Source of acquisition Total Checkouts Barcode Date last seen Price effective from Koha item type
    Dewey Decimal Classification     Colección Juvenil General Biblioteca Pública Metropolitana Salomé Ureña Biblioteca Pública Metropolitana Salomé Ureña 01/31/2018 FUNDI   BPMSU18010095 01/31/2018 01/31/2018 Libros